00482nam a2200193Ia 4500003000400000005001700004008004100021020000600062040000700068041000800075082001900083100001600102245005100118260005600169300001500225365001300240650000800253650002700261OSt20230328162719.0210423s2005 xx 000 0 und d a- cAL aeng a343.0998 AHUB aAHUJA (B N) aHistory of press press laws and communications aNew DelhibResearch and Education Associationc2005 avi,239bPB b160cINR aLaw aMilitary Tax Trade Law